[Event "DVM U14w 2020"]
[Site "Willingen GER"]
[Date "2021.06.24"]
[Round "2"]
[White "König, Pauline"]
[Black "Blume, Louisa"]
[Result "1-0"]
[Termination "normal"]
[Board "9.4"]
[WhiteElo "1034"]
[BlackElo "798"]
[WhiteTeam "SV Multatuli Ingelheim e.V."]
[BlackTeam "Schachfreunde Essen-Werden"]
[PlyCount "93"]
[WhiteFideId "34605789"]
[BlackFideId "34605746"]
[EventCountry "GER"]
[EventRounds "7"]
[EventType "team-swiss"]
[EventDate "2021.06.23"]

1. d4 e6 2. c4 d5 3. Nf3 Nf6 4. Bg5 Bd6 5. e3 O-O 6. Nc3 Bb4 7. Bd3 Bd7 8. O-O
Be7 9. Ne5 Nc6 10. Bf4 a6 11. Qf3 Nb4 12. Bb1 Bd6 13. a3 Nc6 14. cxd5 exd5 15.
Nxd5 Be6 16. Nxf6+ Qxf6 17. Be4 Nxe5 18. dxe5 Bxe5 19. Qh5 g6 20. Bxe5 gxh5 21.
Bxf6 Bc4 22. Rfc1 Be6 23. Bxb7 Ra7 24. Rxc7 h6 25. Bd4 Raa8 26. Bxa8 Rxa8 27.
Rac1 a5 28. R1c5 Kh7 29. Rxh5 Kg6 30. Rcc5 a4 31. Ra5 Rc8 32. Rhc5 Rb8 33. Rxa4
Rb7 34. Raa5 Rb8 35. b4 f5 36. h3 Kf7 37. Rc7+ Kg6 38. b5 Bc8 39. b6 Kg5 40.
Rca7 Rb7 41. Rxb7 Bxb7 42. Ra7 Bc8 43. Rg7+ Kh4 44. Kh2 Kh5 45. g4+ fxg4 46.
hxg4+ Kh4 47. Bf6# 1-0

[Event "DVM U14w 2020"]
[Site "Willingen GER"]
[Date "2021.06.25"]
[Round "3"]
[White "Werner, Rosalie"]
[Black "Prinzen, Siri Marleen"]
[Result "1-0"]
[Termination "normal"]
[Board "1.1"]
[WhiteElo "1751"]
[BlackElo "1722"]
[WhiteClock "00:03:47"]
[BlackClock "00:00:40"]
[WhiteTeam "VSG 1880 Offenbach"]
[BlackTeam "Karlsruher SF 1853"]
[PlyCount "77"]
[WhiteFideId "16223748"]
[BlackFideId "16265912"]
[EventCountry "GER"]
[EventRounds "7"]
[EventType "team-swiss"]
[EventDate "2021.06.23"]

1. e4 {[%clk 1:30:58]} 1... c6 {[%clk 1:30:52]} 2. d4 {[%clk 1:31:23]} 2... d5
{[%clk 1:31:16]} 3. Nd2 {[%clk 1:31:48]} 3... dxe4 {[%clk 1:31:39]} 4. Nxe4 {
[%clk 1:32:13]} 4... Nf6 {[%clk 1:31:54]} 5. Nxf6+ {[%clk 1:32:37]} 5... exf6 {
[%clk 1:32:15]} 6. c3 {[%clk 1:33:02]} 6... Bd6 {[%clk 1:32:22]} 7. Bd3 { [%clk
1:33:26]} 7... O-O {[%clk 1:32:14]} 8. Qc2 {[%clk 1:33:50]} 8... h5 { [%clk
1:31:40]} 9. Ne2 {[%clk 1:31:02]} 9... Re8 {[%clk 1:27:09]} 10. Be3 { [%clk
1:30:35]} 10... Qc7 {[%clk 1:20:29]} 11. h3 {[%clk 1:22:38]} 11... Be6 { [%clk
1:13:01]} 12. O-O-O {[%clk 1:20:41]} 12... a5 {[%clk 1:08:17]} 13. c4 { [%clk
1:14:05]} 13... Na6 {[%clk 0:59:48]} 14. a3 {[%clk 1:10:38]} 14... c5 { [%clk
0:47:50]} 15. d5 {[%clk 1:07:42]} 15... Bd7 {[%clk 0:47:21]} 16. g4 { [%clk
1:01:30]} 16... h4 {[%clk 0:31:37]} 17. g5 {[%clk 0:56:06]} 17... fxg5 { [%clk
0:28:28]} 18. Bxg5 {[%clk 0:54:49]} 18... Rxe2 {[%clk 0:25:17]} 19. Qxe2 {[%clk
0:51:03]} 19... Bf4+ {[%clk 0:24:53]} 20. Bxf4 {[%clk 0:50:26]} 20... Qxf4+
{[%clk 0:25:21]} 21. Qe3 {[%clk 0:46:11]} 21... Qxe3+ {[%clk 0:23:50]} 22. fxe3
{[%clk 0:46:34]} 22... Nc7 {[%clk 0:24:05]} 23. Rdf1 {[%clk 0:42:41]} 23... Re8
{[%clk 0:19:56]} 24. Rf3 {[%clk 0:36:36]} 24... Re5 {[%clk 0:18:11]} 25. Rhf1
{[%clk 0:36:05]} 25... f6 {[%clk 0:17:20]} 26. Kd2 {[%clk 0:34:04]} 26... Rg5
{[%clk 0:15:32]} 27. Bf5 {[%clk 0:30:42]} 27... Bxf5 {[%clk 0:14:08]} 28. Rxf5
{[%clk 0:31:03]} 28... Rxf5 {[%clk 0:13:47]} 29. Rxf5 {[%clk 0:31:27]} 29...
Ne8 {[%clk 0:13:54]} 30. Kd3 {[%clk 0:29:50]} 30... Kf7 {[%clk 0:11:33]} 31.
Rh5 {[%clk 0:15:47]} 31... g5 {[%clk 0:08:08]} 32. Rh7+ {[%clk 0:15:32]} 32...
Kg6 {[%clk 0:05:22]} 33. Re7 {[%clk 0:10:20]} 33... Nd6 {[%clk 0:03:43]} 34.
Re6 {[%clk 0:08:53]} 34... g4 {[%clk 0:01:39]} 35. Ke2 {[%clk 0:08:00]} 35...
gxh3 {[%clk 0:01:25]} 36. Kf1 {[%clk 0:07:01]} 36... Nf7 {[%clk 0:01:15]} 37.
e4 {[%clk 0:05:06]} 37... Ng5 {[%clk 0:00:48]} 38. Re7 {[%clk 0:04:19]} 38...
Nf3 {[%clk 0:00:40]} 39. d6 {[%clk 0:03:47]} 1-0

[Event "DVM U14w 2020"]
[Site "Willingen GER"]
[Date "2021.06.25"]
[Round "3"]
[White "Fischer, Darja"]
[Black "Buchholz, Maja"]
[Result "1/2-1/2"]
[Termination "normal"]
[Board "1.2"]
[WhiteElo "1559"]
[BlackElo "1713"]
[WhiteClock "00:01:18"]
[BlackClock "00:29:48"]
[WhiteTeam "Karlsruher SF 1853"]
[BlackTeam "VSG 1880 Offenbach"]
[PlyCount "100"]
[WhiteFideId "16240898"]
[BlackFideId "16200500"]
[EventCountry "GER"]
[EventRounds "7"]
[EventType "team-swiss"]
[EventDate "2021.06.23"]

1. d4 {[%clk 1:30:57]} 1... d5 {[%clk 1:30:55]} 2. c4 {[%clk 1:31:22]} 2... e5
{[%clk 1:31:20]} 3. dxe5 {[%clk 1:31:01]} 3... d4 {[%clk 1:31:42]} 4. Nf3 {
[%clk 1:27:53]} 4... Nc6 {[%clk 1:31:41]} 5. a3 {[%clk 1:20:35]} 5... Nge7 {
[%clk 1:30:44]} 6. e3 {[%clk 1:11:27]} 6... Bg4 {[%clk 1:30:36]} 7. exd4 {
[%clk 1:07:45]} 7... Bxf3 {[%clk 1:29:57]} 8. Qxf3 {[%clk 1:07:13]} 8... Qxd4 {
[%clk 1:26:46]} 9. e6 {[%clk 1:02:47]} 9... O-O-O {[%clk 1:25:35]} 10. Qe2 {
[%clk 0:56:11]} 10... Nf5 {[%clk 1:23:52]} 11. Nd2 {[%clk 0:49:47]} 11... Re8 {
[%clk 1:08:28]} 12. Nf3 {[%clk 0:48:57]} 12... Qf6 {[%clk 1:08:18]} 13. Bg5 {
[%clk 0:46:43]} 13... Qg6 {[%clk 1:08:10]} 14. O-O-O 14... Rxe6 {[%clk 1:07:13]
} 15. Qc2 {[%clk 0:42:57]} 15... Ncd4 {[%clk 1:00:46]} 16. h4 {[%clk 0:34:18]}
16... Rd6 {[%clk 0:44:54]} 17. Nxd4 {[%clk 0:29:12]} 17... Nxd4 {[%clk 0:43:28]
} 18. Qxg6 {[%clk 0:29:17]} 18... hxg6 {[%clk 0:43:31]} 19. g3 {[%clk 0:26:27]}
19... f6 {[%clk 0:37:09]} 20. Bh3+ {[%clk 0:25:01]} 20... Kd8 {[%clk 0:37:19]}
21. Be3 {[%clk 0:23:57]} 21... Nc6 {[%clk 0:29:45]} 22. Bf4 {[%clk 0:22:52]}
22... Ne5 {[%clk 0:26:53]} 23. Bxe5 {[%clk 0:22:06]} 23... fxe5 {[%clk 0:26:44]
} 24. Rhe1 {[%clk 0:20:26]} 24... g5 {[%clk 0:25:24]} 25. Rxe5 {[%clk 0:19:19]}
25... gxh4 {[%clk 0:25:10]} 26. Rde1 {[%clk 0:18:37]} 26... Be7 {[%clk 0:15:39]
} 27. Rxe7 {[%clk 0:14:00]} 27... hxg3 {[%clk 0:16:01]} 28. fxg3 { [%clk
0:13:39]} 28... Rxh3 {[%clk 0:15:37]} 29. Rxg7 {[%clk 0:13:40]} 29... Rc6
{[%clk 0:15:01]} 30. Re4 {[%clk 0:12:36]} 30... Rh1+ {[%clk 0:12:32]} 31. Kc2 {
[%clk 0:12:43]} 31... Rh2+ {[%clk 0:12:35]} 32. Kc3 {[%clk 0:12:19]} 32... Rb6
{[%clk 0:11:40]} 33. Rf4 {[%clk 0:10:48]} 33... Ke8 {[%clk 0:11:14]} 34. Rh4 {
[%clk 0:09:23]} 34... Rbxb2 {[%clk 0:05:12]} 35. Rxh2 {[%clk 0:09:13]} 35...
Rxh2 {[%clk 0:05:37]} 36. Rxc7 {[%clk 0:09:36]} 36... Rg2 {[%clk 0:05:58]} 37.
Rxb7 {[%clk 0:09:04]} 37... Rxg3+ {[%clk 0:06:22]} 38. Kb4 {[%clk 0:09:27]}
38... a5+ {[%clk 0:06:44]} 39. Kxa5 {[%clk 0:08:15]} 39... Rxa3+ { [%clk
0:07:07]} 40. Kb6 {[%clk 0:08:30]} 40... Kd8 {[%clk 0:07:16]} 41. c5 { [%clk
0:07:36]} 41... Kc8 {[%clk 0:05:51]} 42. Rg7 {[%clk 0:05:18]} 42... Rc3 { [%clk
0:04:58]} 43. Ra7 {[%clk 0:04:31]} 43... Rc1 {[%clk 0:04:20]} 44. Kc6 { [%clk
0:02:54]} 44... Kb8 {[%clk 0:03:19]} 45. Ra5 {[%clk 0:02:48]} 45... Rd1 { [%clk
0:03:14]} 46. Kb6 {[%clk 0:01:58]} 46... Rb1+ {[%clk 0:02:26]} 47. Kc6 { [%clk
0:02:12]} 47... Rd1 {[%clk 0:02:51]} 48. Ra4 {[%clk 0:02:22]} 48... Rh1 { [%clk
0:01:53]} 49. Rd4 {[%clk 0:02:00]} 49... Kc8 {[%clk 0:01:37]} 50. Rd6 { [%clk
0:01:18]} 50... Ra1 {[%clk 0:29:48]} 1/2-1/2

[Event "DVM U14w 2020"]
[Site "Willingen GER"]
[Date "2021.06.25"]
[Round "3"]
[White "Becker, Linda"]
[Black "Zhou, Lepu Coco"]
[Result "1-0"]
[Termination "normal"]
[Board "2.1"]
[WhiteElo "1763"]
[BlackElo "1905"]
[WhiteClock "00:42:47"]
[BlackClock "00:18:58"]
[WhiteTeam "Schachgemeinschaft Porz e. V."]
[BlackTeam "SC Weisse Dame e.V."]
[PlyCount "53"]
[WhiteFideId "16244753"]
[BlackFideId "16217136"]
[EventCountry "GER"]
[EventRounds "7"]
[EventType "team-swiss"]
[EventDate "2021.06.23"]

1. e4 {[%clk 1:30:58]} 1... e5 {[%clk 1:30:52]} 2. Nf3 {[%clk 1:31:19]} 2...
Nc6 {[%clk 1:31:15]} 3. d4 {[%clk 1:31:40]} 3... exd4 {[%clk 1:31:40]} 4. Nxd4
{[%clk 1:32:03]} 4... Qf6 {[%clk 1:32:02]} 5. Be3 {[%clk 1:31:55]} 5... Bc5 {
[%clk 1:32:19]} 6. c3 {[%clk 1:32:11]} 6... Qg6 {[%clk 1:32:32]} 7. Nd2 { [%clk
1:28:33]} 7... Nf6 {[%clk 1:32:38]} 8. Qf3 {[%clk 1:18:18]} 8... Ng4 { [%clk
1:32:40]} 9. h3 {[%clk 1:16:25]} 9... Nxe3 {[%clk 1:30:44]} 10. Qxe3 { [%clk
1:16:33]} 10... O-O {[%clk 1:28:47]} 11. Bd3 {[%clk 1:15:51]} 11... Re8 { [%clk
1:25:33]} 12. O-O-O {[%clk 1:13:40]} 12... f5 {[%clk 1:16:53]} 13. exf5 { [%clk
1:05:50]} 13... Qh5 {[%clk 1:07:20]} 14. Bc4+ {[%clk 1:03:15]} 14... Kf8 {[%clk
1:05:20]} 15. Ne6+ {[%clk 1:00:15]} 15... Rxe6 {[%clk 0:59:35]} 16. Qxc5+
{[%clk 0:59:43]} 16... d6 {[%clk 0:59:58]} 17. Qd5 {[%clk 0:58:22]} 17... Ne7
{[%clk 1:00:04]} 18. Qd3 {[%clk 0:58:00]} 18... Re5 {[%clk 0:58:08]} 19. g4
{[%clk 0:57:34]} 19... Qe8 {[%clk 0:57:38]} 20. Nf3 {[%clk 0:54:54]} 20... Ra5
{[%clk 0:55:44]} 21. f6 {[%clk 0:51:27]} 21... Ng6 {[%clk 0:50:28]} 22. Rhe1 {
[%clk 0:49:41]} 22... Qd8 {[%clk 0:45:14]} 23. b4 {[%clk 0:46:51]} 23... Ra3 {
[%clk 0:34:23]} 24. Kb2 {[%clk 0:46:18]} 24... Qxf6 {[%clk 0:27:16]} 25. Kxa3 {
[%clk 0:45:18]} 25... a5 {[%clk 0:27:16]} 26. b5 {[%clk 0:44:53]} 26... d5 {
[%clk 0:18:58]} 27. Qxd5 {[%clk 0:42:47]} 1-0

[Event "DVM U14w 2020"]
[Site "Willingen GER"]
[Date "2021.06.25"]
[Round "3"]
[White "Reddi, Bhuvana"]
[Black "Ramien, Hannah"]
[Result "1/2-1/2"]
[Termination "normal"]
[Board "2.2"]
[WhiteElo "1359"]
[BlackElo "1396"]
[WhiteClock "00:26:45"]
[BlackClock "00:46:16"]
[WhiteTeam "SC Weisse Dame e.V."]
[BlackTeam "Schachgemeinschaft Porz e. V."]
[PlyCount "61"]
[WhiteFideId "16287002"]
[BlackFideId "16209982"]
[EventCountry "GER"]
[EventRounds "7"]
[EventType "team-swiss"]
[EventDate "2021.06.23"]

1. e4 {[%clk 1:30:57]} 1... e5 {[%clk 1:30:56]} 2. Nf3 {[%clk 1:31:23]} 2...
Nc6 {[%clk 1:31:23]} 3. Bb5 {[%clk 1:31:45]} 3... a6 {[%clk 1:31:43]} 4. Ba4 {
[%clk 1:32:10]} 4... Nf6 {[%clk 1:31:44]} 5. O-O {[%clk 1:32:32]} 5... Be7 {
[%clk 1:32:01]} 6. Qe2 {[%clk 1:32:54]} 6... O-O {[%clk 1:32:18]} 7. c3 { [%clk
1:31:47]} 7... d6 {[%clk 1:32:31]} 8. d4 {[%clk 1:31:56]} 8... exd4 { [%clk
1:32:28]} 9. cxd4 {[%clk 1:32:04]} 9... Bg4 {[%clk 1:32:42]} 10. Nbd2 { [%clk
1:31:41]} 10... Nxd4 {[%clk 1:32:48]} 11. Qd3 {[%clk 1:30:54]} 11... Nc6 {[%clk
1:32:09]} 12. Re1 {[%clk 1:28:37]} 12... b5 {[%clk 1:29:55]} 13. Bb3 { [%clk
1:28:18]} 13... Re8 {[%clk 1:28:15]} 14. Nf1 {[%clk 1:26:54]} 14... Ne5 { [%clk
1:26:42]} 15. Nxe5 {[%clk 1:17:26]} 15... dxe5 {[%clk 1:25:55]} 16. Qg3 { [%clk
1:16:56]} 16... Bb4 {[%clk 1:21:42]} 17. Re3 {[%clk 1:14:39]} 17... Bh5 { [%clk
1:20:12]} 18. Rd3 {[%clk 1:13:10]} 18... Qe7 {[%clk 1:17:58]} 19. Bh6 { [%clk
1:10:22]} 19... Bg6 {[%clk 1:17:46]} 20. Bg5 {[%clk 1:04:33]} 20... h6 { [%clk
1:15:04]} 21. Bxf6 {[%clk 0:59:40]} 21... Qxf6 {[%clk 1:15:04]} 22. Bd5 { [%clk
0:55:13]} 22... Rad8 {[%clk 1:14:20]} 23. Rf3 {[%clk 0:53:35]} 23... Qe7 {[%clk
1:13:02]} 24. Qxg6 {[%clk 0:49:35]} 24... Rxd5 {[%clk 1:13:17]} 25. Qxa6 {[%clk
0:49:45]} 25... Rd4 {[%clk 1:12:49]} 26. Ng3 {[%clk 0:48:47]} 26... Qd7 {[%clk
1:11:48]} 27. h3 {[%clk 0:41:29]} 27... c5 {[%clk 0:55:01]} 28. Nf5 { [%clk
0:40:09]} 28... Re6 {[%clk 0:50:20]} 29. Qa8+ {[%clk 0:37:36]} 29... Qd8 {[%clk
0:49:51]} 30. Qxd8+ {[%clk 0:26:35]} 30... Rxd8 {[%clk 0:46:16]} 31. Rg3 {[%clk
0:26:45]} 1/2-1/2

[Event "DVM U14w 2020"]
[Site "Willingen GER"]
[Date "2021.06.25"]
[Round "3"]
[White "Sinner, Joselyne"]
[Black "Schmidt, Luise"]
[Result "0-1"]
[Termination "normal"]
[Board "2.3"]
[WhiteElo "1409"]
[BlackElo "1390"]
[WhiteClock "00:06:25"]
[BlackClock "00:30:02"]
[WhiteTeam "Schachgemeinschaft Porz e. V."]
[BlackTeam "SC Weisse Dame e.V."]
[PlyCount "112"]
[WhiteFideId "16210387"]
[BlackFideId "16294475"]
[EventCountry "GER"]
[EventRounds "7"]
[EventType "team-swiss"]
[EventDate "2021.06.23"]

1. e4 {[%clk 1:30:58]} 1... d5 {[%clk 1:30:50]} 2. exd5 {[%clk 1:31:23]} 2...
Qxd5 {[%clk 1:31:12]} 3. Nc3 {[%clk 1:31:48]} 3... Qa5 {[%clk 1:31:28]} 4. d4 {
[%clk 1:32:13]} 4... c6 {[%clk 1:31:33]} 5. Nf3 {[%clk 1:30:49]} 5... Nf6 {
[%clk 1:31:33]} 6. Bc4 {[%clk 1:29:21]} 6... Bf5 {[%clk 1:30:50]} 7. Bd2 {
[%clk 1:28:49]} 7... Qd8 {[%clk 1:30:22]} 8. Ne5 {[%clk 1:16:07]} 8... e6 {
[%clk 1:29:06]} 9. Bg5 {[%clk 1:10:10]} 9... Be7 {[%clk 1:26:38]} 10. g4 {
[%clk 0:55:33]} 10... Bg6 {[%clk 1:13:02]} 11. h4 {[%clk 0:20:15]} 11... Nd5 {
[%clk 0:59:40]} 12. Bxe7 {[%clk 0:06:34]} 12... Qxe7 {[%clk 0:58:39]} 13. Qf3 {
[%clk 0:03:09]} 13... Nd7 {[%clk 0:41:00]} 14. O-O-O {[%clk 0:02:53]} 14...
Nxe5 {[%clk 0:39:48]} 15. dxe5 {[%clk 0:03:15]} 15... h5 {[%clk 0:37:36]} 16.
g5 {[%clk 0:02:40]} 16... Bf5 {[%clk 0:37:10]} 17. Qg3 {[%clk 0:02:22]} 17...
O-O-O {[%clk 0:34:47]} 18. Rhe1 {[%clk 0:02:01]} 18... Qb4 {[%clk 0:32:23]} 19.
Nxd5 {[%clk 0:00:43]} 19... cxd5 {[%clk 0:31:58]} 20. Bd3 {[%clk 0:00:49]}
20... Bxd3 {[%clk 0:31:06]} 21. Qxd3 {[%clk 0:01:12]} 21... Qxh4 { [%clk
0:30:05]} 22. Qe3 {[%clk 0:00:51]} 22... Qa4 {[%clk 0:29:22]} 23. a3 { [%clk
0:00:36]} 23... Kb8 {[%clk 0:29:11]} 24. Rd4 {[%clk 0:00:42]} 24... Qc6 { [%clk
0:28:12]} 25. Qb3 {[%clk 0:00:32]} 25... Rc8 {[%clk 0:26:59]} 26. Re3 { [%clk
0:00:37]} 26... Qc5 {[%clk 0:25:42]} 27. Rb4 {[%clk 0:00:32]} 27... Qe7 { [%clk
0:24:09]} 28. f4 {[%clk 0:00:32]} 28... h4 {[%clk 0:22:53]} 29. Kb1 { [%clk
0:00:33]} 29... Rc7 {[%clk 0:21:24]} 30. Rh3 {[%clk 0:00:32]} 30... Qd7 { [%clk
0:17:36]} 31. Ka1 {[%clk 0:00:33]} 31... Qc8 {[%clk 0:16:02]} 32. Kb1 { [%clk
0:00:37]} 32... Rc4 {[%clk 0:14:37]} 33. Rxc4 {[%clk 0:00:35]} 33... Qxc4
{[%clk 0:14:48]} 34. Qxc4 {[%clk 0:00:34]} 34... dxc4 {[%clk 0:15:08]} 35. a4 {
[%clk 0:00:44]} 35... b6 {[%clk 0:15:04]} 36. Kc1 {[%clk 0:00:34]} 36... Kc7 {
[%clk 0:15:25]} 37. Kd2 {[%clk 0:00:55]} 37... a6 {[%clk 0:15:26]} 38. Kc3 {
[%clk 0:00:34]} 38... b5 {[%clk 0:15:44]} 39. Kb4 {[%clk 0:00:37]} 39... Kb6 {
[%clk 0:15:30]} 40. b3 {[%clk 0:00:36]} 40... a5+ {[%clk 0:14:38]} 41. Kc3 {
[%clk 0:28:06]} 41... cxb3 {[%clk 0:40:25]} 42. cxb3 {[%clk 0:27:51]} 42...
bxa4 {[%clk 0:36:57]} 43. bxa4 {[%clk 0:24:06]} 43... Kc5 {[%clk 0:37:10]} 44.
Kd3 {[%clk 0:21:37]} 44... Kb4 {[%clk 0:35:56]} 45. f5 {[%clk 0:20:32]} 45...
g6 {[%clk 0:33:17]} 46. f6 {[%clk 0:17:54]} 46... Rh5 {[%clk 0:33:09]} 47. Kd4
{[%clk 0:15:48]} 47... Rxg5 {[%clk 0:30:56]} 48. Rxh4 {[%clk 0:15:31]} 48...
Rh5 {[%clk 0:30:36]} 49. Re4 {[%clk 0:14:06]} 49... Kxa4 {[%clk 0:29:37]} 50.
Kc5+ {[%clk 0:11:56]} 50... Kb3 {[%clk 0:29:49]} 51. Kb5 {[%clk 0:09:20]} 51...
a4 {[%clk 0:29:41]} 52. Re3+ {[%clk 0:09:36]} 52... Kc2 {[%clk 0:29:47]} 53.
Kxa4 {[%clk 0:09:24]} 53... Kd2 {[%clk 0:29:58]} 54. Rb3 {[%clk 0:07:53]} 54...
g5 {[%clk 0:29:36]} 55. Rb7 {[%clk 0:07:58]} 55... Rh7 {[%clk 0:29:48]} 56. Rb4
{[%clk 0:06:25]} 56... Rh4 {[%clk 0:30:02]} 0-1

[Event "DVM U14w 2020"]
[Site "Willingen GER"]
[Date "2021.06.25"]
[Round "3"]
[White "Schülke, Rosalie"]
[Black "Siegel, Irene"]
[Result "0-1"]
[Termination "normal"]
[Board "2.4"]
[WhiteElo "1407"]
[BlackElo "1212"]
[WhiteClock "00:18:07"]
[BlackClock "00:14:06"]
[WhiteTeam "SC Weisse Dame e.V."]
[BlackTeam "Schachgemeinschaft Porz e. V."]
[PlyCount "114"]
[WhiteFideId "16287436"]
[BlackFideId "16284380"]
[EventCountry "GER"]
[EventRounds "7"]
[EventType "team-swiss"]
[EventDate "2021.06.23"]

1. e4 {[%clk 1:30:58]} 1... e5 {[%clk 1:30:52]} 2. Nf3 {[%clk 1:31:22]} 2...
Nc6 {[%clk 1:31:13]} 3. Bb5 {[%clk 1:31:46]} 3... Nge7 {[%clk 1:28:47]} 4. O-O
{[%clk 1:30:40]} 4... Ng6 {[%clk 1:26:19]} 5. c3 {[%clk 1:29:53]} 5... d5 {
[%clk 1:18:18]} 6. Re1 {[%clk 1:24:19]} 6... a6 {[%clk 1:15:02]} 7. Ba4 { [%clk
1:20:42]} 7... b5 {[%clk 1:12:32]} 8. Bc2 {[%clk 1:19:30]} 8... d4 { [%clk
1:10:05]} 9. d3 {[%clk 1:17:29]} 9... h6 {[%clk 1:07:21]} 10. Nbd2 { [%clk
1:16:20]} 10... Bc5 {[%clk 1:01:09]} 11. cxd4 {[%clk 1:15:13]} 11... Nxd4
{[%clk 1:00:13]} 12. Nxd4 {[%clk 1:14:44]} 12... Bxd4 {[%clk 0:59:50]} 13. Nb3
{[%clk 1:13:07]} 13... Bb6 {[%clk 0:53:48]} 14. Be3 {[%clk 1:09:57]} 14... Bxe3
{[%clk 0:51:24]} 15. Rxe3 {[%clk 1:10:06]} 15... Qg5 {[%clk 0:46:47]} 16. Rg3 {
[%clk 1:04:08]} 16... Qf4 {[%clk 0:44:42]} 17. Qf3 {[%clk 1:02:36]} 17... Nh4 {
[%clk 0:38:18]} 18. Qxf4 {[%clk 1:02:25]} 18... exf4 {[%clk 0:38:13]} 19. Rf3 {
[%clk 1:00:41]} 19... Nxf3+ {[%clk 0:37:56]} 20. gxf3 {[%clk 1:01:05]} 20...
Bh3 {[%clk 0:38:12]} 21. d4 {[%clk 1:00:01]} 21... O-O-O {[%clk 0:38:01]} 22.
d5 {[%clk 0:58:41]} 22... g5 {[%clk 0:37:25]} 23. Rc1 {[%clk 0:57:02]} 23... h5
{[%clk 0:36:38]} 24. Bd3 {[%clk 0:56:37]} 24... g4 {[%clk 0:33:14]} 25. Be2 {
[%clk 0:55:44]} 25... Kb8 {[%clk 0:29:41]} 26. Na5 {[%clk 0:52:40]} 26... Rdg8
{[%clk 0:28:49]} 27. Kh1 {[%clk 0:51:39]} 27... g3 {[%clk 0:28:14]} 28. fxg3 {
[%clk 0:50:36]} 28... fxg3 {[%clk 0:27:29]} 29. Rc6 {[%clk 0:47:51]} 29... g2+
{[%clk 0:26:14]} 30. Kg1 {[%clk 0:48:05]} 30... Rg6 {[%clk 0:26:13]} 31. Rc3 {
[%clk 0:46:32]} 31... Bd7 {[%clk 0:25:15]} 32. Rb3 {[%clk 0:41:54]} 32... Ka7 {
[%clk 0:23:26]} 33. a4 {[%clk 0:40:34]} 33... Rb8 {[%clk 0:22:21]} 34. axb5 {
[%clk 0:33:03]} 34... Bxb5 {[%clk 0:22:27]} 35. Bxb5 {[%clk 0:30:56]} 35...
Rxb5 {[%clk 0:22:46]} 36. Rxb5 {[%clk 0:30:53]} 36... axb5 {[%clk 0:23:05]} 37.
Nc6+ {[%clk 0:31:07]} 37... Kb6 {[%clk 0:23:18]} 38. b4 {[%clk 0:30:58]} 38...
h4 {[%clk 0:19:46]} 39. Ne5 {[%clk 0:29:40]} 39... Rg7 {[%clk 0:19:34]} 40. Nd3
{[%clk 0:25:20]} 40... h3 {[%clk 0:14:59]} 41. Nf4 {[%clk 0:24:59]} 41... Rh7 {
[%clk 0:14:10]} 42. Nd3 {[%clk 0:24:30]} 42... Rh6 {[%clk 0:13:10]} 43. Ne5 {
[%clk 0:20:33]} 43... f6 {[%clk 0:12:01]} 44. Ng4 {[%clk 0:19:45]} 44... Rh8 {
[%clk 0:12:11]} 45. Nf2 {[%clk 0:19:04]} 45... Kb7 {[%clk 0:11:45]} 46. f4 {
[%clk 0:18:05]} 46... Kc8 {[%clk 0:11:34]} 47. Ng4 {[%clk 0:17:49]} 47... Rf8 {
[%clk 0:11:22]} 48. Nf2 {[%clk 0:18:07]} 48... Rh8 {[%clk 0:11:32]} 49. Ng4 {
[%clk 0:18:31]} 49... Rh4 {[%clk 0:11:50]} 50. Nf2 {[%clk 0:17:16]} 50... Rxf4
{[%clk 0:11:52]} 51. Nxh3 {[%clk 0:17:34]} 51... Rxe4 {[%clk 0:12:14]} 52. Kxg2
{[%clk 0:17:57]} 52... Rxb4 {[%clk 0:12:35]} 53. Nf2 {[%clk 0:18:12]} 53... Rb2
{[%clk 0:12:44]} 54. h4 {[%clk 0:18:26]} 54... Kd7 {[%clk 0:12:58]} 55. h5 {
[%clk 0:17:32]} 55... Ke7 {[%clk 0:13:20]} 56. Kf3 {[%clk 0:17:43]} 56... Rxf2+
{[%clk 0:14:06]} 57. Kxf2 {[%clk 0:18:07]} 57... Kf7 0-1